• 首页
  • 本馆介绍
  • 公告通知
  • 最新文献
  • 馆藏检索
  • 电子资源
  • 读者导购
  • 参考咨询
  • 我的图书馆
  • 登录
  • 详细信息显示
  • 放入我的书架
  • 预约/预借图书
  • 作者相关作品
  • 分类相关作品
  • 丛书相关作品
  • 出版社相关作品

书目信息

  • 表格格式
  • 工作单格式
  • 卡片格式
题名:
江左十年目睹记
    
 
作者: 龙公 著
分册:  
出版信息: 北京   文化艺术出版社  1984
页数: 296页
开本: 19cm
丛书名: 中国文学史料丛书
单 册:
中图分类: I246.49 , I246.4
科图分类:
主题词: 章回小说--中国--现代 , 长篇小说--中国--现代
电子资源:
ISBN:
000 00707nam2 2200265 45
001 1574060731
005 20150128080920.29
010    @dCNY0.90
091    @aCN@b10228.084
100    @a19950512d1984 em y0chiy0121 ea
101 0  @achi
102    @aCN@b110000
105    @ay z 000ay
200 10 @a江左十年目睹记@Ajiang zuo shi nian mu du ji@f龙公著
210    @a北京@c文化艺术出版社@d1984
215    @a296页@d19cm
225 2  @a中国文学史料丛书
410  0 @120010@a中国文学史料丛书
606    @a章回小说@y中国@z现代
606    @a长篇小说@y中国@z现代
690    @aI246.49@v3
690    @aI246.4@v4
701  0 @a龙公@Along gong@4著
801  0 @aCN@bTSSF@c20150128
905    @aZUCC@dI246.4@eJY5
    
    江左十年目睹记/龙公著.-北京:文化艺术出版社,1984
    296页;19cm.-(中国文学史料丛书)
    
    
    ISBN :CNY0.90
    
●
相关链接 在E读中查询图书 在五车中查询图书 在当当中查询图书 在豆瓣中查询图书


正题名:江左十年目睹记     索取号:I246.4/JY5         预约/预借

序号 登录号 条形码 馆藏地/架位号 状态 备注
1 7856432   278564322   学院路分馆/ [索取号:I246.4/JY5] 在馆    
2 7856433   278564331   学院路分馆/ [索取号:I246.4/JY5] 在馆    
唐山师范学院图书馆 欢迎您!
大连网信软件有限公司© 版权所有